| 000 | 00474nam a2200169 i 4500 | ||
|---|---|---|---|
| 001 | 38112 | ||
| 003 | ES-MaACL | ||
| 005 | 20230906155711.0 | ||
| 007 | t| | ||
| 008 | 030224s1894 sp ||||1| spa d | ||
| 100 | 1 |
_aCabrera Díaz, Veremundo. _933310 |
|
| 245 | 1 | 3 |
_aEl lipoma mesenterio _b: tesis del doctorado / _cVeremundo Cabrera Díaz. |
| 260 |
_aMadrid : _bEl correo militar, _c1894] |
||
| 300 | _a1 v. | ||
| 502 | _aTesis doctoral. | ||
| 852 |
_aES-MaACL _jT-1226-F-7 |
||
| 999 |
_c38112 _d38112 |
||